[Event "AUTO-OPEN-2140"]
[Site "http://www.queenalice.com/game.php?id=848909"]
[Date "2010.10.21"]
[Round "1"]
[White "sasquatico"]
[Black "gerritgenial"]
[Result "1-0"]
[WhiteElo "1645"]
[BlackElo "1114"]

1. e4 e6 2. e5 d6 3. exd6 cxd6 4. Nf3 d5 5. d4 Nf6 6. Bb5+ Bd7 7. Bxd7+ Qxd7 8.
O-O Na6 9. Bg5 Be7 10. Ne5 Qd6 11. Nd2 Qb4 12. Nb3 O-O 13. c3 Qb6 14. Bxf6 Bxf6
15. Nd7 Rfd8 16. Nxb6 axb6 17. Nd2 b5 18. Qb3 b4 19. cxb4 b5 20. Nf3 Rdc8 21.
Rac1 g5 22. Rxc8+ Rxc8 23. Qa3 Ra8 24. Rc1 Nb8 25. Qxa8 1-0

[Event "AUTO-OPEN-2140"]
[Site "http://www.queenalice.com/game.php?id=848910"]
[Date "2010.10.21"]
[Round "1"]
[White "gerritgenial"]
[Black "sasquatico"]
[Result "0-1"]
[WhiteElo "1110"]
[BlackElo "1642"]

1. e4 e5 2. d3 Nf6 3. Be2 Bc5 4. Be3 Bxe3 5. fxe3 O-O 6. Nf3 d6 7. Nc3 Nbd7 8.
Nd5 c6 9. Nc3 Re8 10. b4 Nf8 11. b5 Qa5 12. Qd2 cxb5 13. d4 b4 14. Nd1 Nxe4 15.
Qd3 b3+ 16. Kf1 Bf5 17. h3 Ng3+ 18. Kf2 Bxd3 19. Bxd3 Nxh1+ 20. Kg1 Ng3 21. Kh2
Nh5 22. g4 Nf6 23. g5 Nh5 24. h4 e4 25. Bxe4 Rxe4 26. Nf2 Rxe3 27. Ng1 Qd2 28.
Kg2 Rg3+ 0-1

[Event "AUTO-OPEN-2140"]
[Site "http://www.queenalice.com/game.php?id=848939"]
[Date "2010.10.21"]
[Round "1"]
[White "gerritgenial"]
[Black "pancas"]
[Result "0-1"]
[WhiteElo "1116"]
[BlackElo "1699"]

1. f3 e5 2. e4 d5 3. d3 d4 4. Na3 Bxa3 5. bxa3 Nf6 6. Nh3 Bxh3 7. gxh3 O-O 8.
Rb1 b6 9. a4 Qd7 10. Qd2 Nh5 11. Rg1 Nf4 12. Qb4 Nc6 13. Qb3 Na5 14. Qb5 Qe6 15.
h4 c6 16. Qb2 Ng6 17. h5 Nh4 18. Be2 Qh3 19. Bf1 Qxf3 20. Rg3 Qf6 21. Rg4 Nf3+
22. Ke2 Nxh2 23. Bg2 Nxg4 0-1

[Event "AUTO-OPEN-2140"]
[Site "http://www.queenalice.com/game.php?id=848940"]
[Date "2010.10.21"]
[Round "1"]
[White "pancas"]
[Black "gerritgenial"]
[Result "1-0"]
[WhiteElo "1688"]
[BlackElo "1143"]

1. e4 e6 2. d4 d5 3. exd5 exd5 4. Nc3 c6 5. Nf3 Bd6 6. Be3 Ne7 7. Qd2 O-O 8. Bd3
Bf5 9. O-O g6 10. Bg5 Nd7 11. Bxf5 gxf5 12. Bh6 Nb6 13. Qg5+ Kh8 14. Qg7# 1-0

[Event "AUTO-OPEN-2140"]
[Site "http://www.queenalice.com/game.php?id=848941"]
[Date "2010.10.21"]
[Round "1"]
[White "gerritgenial"]
[Black "KublaPawn"]
[Result "0-1"]
[WhiteElo "1147"]
[BlackElo "2226"]

1. d4 Nf6 2. c3 g6 3. e3 Bg7 4. Bd3 b6 5. Nf3 Bb7 6. O-O d6 7. Na3 O-O 8. b4
Nbd7 9. Ng5 e5 10. Nc2 Nd5 11. Bb2 Qxg5 12. Qf3 f5 13. a3 e4 14. Bxe4 fxe4 15.
Qxe4 Rae8 16. Qd3 Nxb4 17. axb4 Qxg2# 0-1

[Event "AUTO-OPEN-2140"]
[Site "http://www.queenalice.com/game.php?id=848942"]
[Date "2010.10.21"]
[Round "1"]
[White "KublaPawn"]
[Black "gerritgenial"]
[Result "1-0"]
[WhiteElo "2227"]
[BlackElo "1145"]

1. Nf3 f5 2. g3 e6 3. Bg2 Bd6 4. d3 g6 5. b3 c6 6. Bb2 Na6 7. Bxh8 Be7 8. Nbd2
Bf6 9. Bxf6 Qxf6 10. e4 Nh6 11. e5 Qf7 12. Nc4 Ng4 13. Nd6+ Ke7 14. Nxf7 Kxf7
15. Qd2 Rb8 16. h3 Nh6 17. Qxh6 b5 18. Qxh7+ 1-0

[Event "AUTO-BEG-434"]
[Site "http://www.queenalice.com/game.php?id=849619"]
[Date "2010.10.23"]
[Round "1"]
[White "gerritgenial"]
[Black "Adyda"]
[Result "0-1"]
[WhiteElo "1079"]
[BlackElo "1424"]

1. d3 e5 2. e4 Nc6 3. Be2 Nf6 4. Be3 d6 5. Nf3 Ng4 6. Bd2 Nd4 7. Bf1 Nxf3+ 8.
gxf3 Nf6 9. Nc3 Be6 10. h3 h6 11. b4 c6 12. h4 d5 13. Bg2 Bxb4 14. Nb1 Bxd2+ 15.
Nxd2 dxe4 16. fxe4 O-O 17. O-O Ng4 18. Bf3 h5 19. Rb1 Qxh4 20. Kg2 Qh2# 0-1

[Event "AUTO-BEG-434"]
[Site "http://www.queenalice.com/game.php?id=849620"]
[Date "2010.10.23"]
[Round "1"]
[White "Adyda"]
[Black "gerritgenial"]
[Result "1-0"]
[WhiteElo "1406"]
[BlackElo "1108"]

1. e4 e5 2. Nf3 Nf6 3. Nc3 d6 4. Bc4 Be6 5. Bxe6 fxe6 6. d3 Nc6 7. Bg5 Be7 8.
Bxf6 Bxf6 9. Qd2 d5 10. O-O-O Nb4 11. a3 Nc6 12. Nb5 a6 13. Nc3 a5 14. h4 O-O
15. g4 Rc8 16. g5 1-0

[Event "AUTO-BEG-434"]
[Site "http://www.queenalice.com/game.php?id=849621"]
[Date "2010.10.23"]
[Round "1"]
[White "gerritgenial"]
[Black "vicoxd"]
[Result "0-1"]
[WhiteElo "1093"]
[BlackElo "1288"]

1. d3 d5 2. e4 dxe4 3. dxe4 Qxd1+ 4. Kxd1 Nf6 5. f3 Nc6 6. Bd2 e6 7. Nc3 Bc5 8.
Nb5 Bb6 9. c4 a6 10. Nc3 O-O 11. Nh3 Bd7 12. Ne2 Rad8 13. Ng3 Ne5 14. Bc3 Bb5+
15. Bd2 Bxc4 16. b3 Bxf1 17. Ke1 Bxg2 18. Rg1 Bxh3 0-1

[Event "AUTO-BEG-434"]
[Site "http://www.queenalice.com/game.php?id=849622"]
[Date "2010.10.23"]
[Round "1"]
[White "vicoxd"]
[Black "gerritgenial"]
[Result "1-0"]
[WhiteElo "1279"]
[BlackElo "1102"]

1. d4 d5 2. Nf3 e6 3. Bf4 Bd6 4. Bg3 Nf6 5. e3 O-O 6. Be2 a6 7. Nbd2 Bd7 8. c3
b5 9. Ne5 Be8 10. Nb3 c6 11. Qc2 Ra7 12. Nd2 Qa5 13. b4 Qb6 14. O-O Nbd7 15.
Ndf3 Qc7 16. a4 Nb6 17. a5 Nc4 18. Bxc4 bxc4 19. Qe2 1-0

[Event "Challenge"]
[Site "http://www.queenalice.com/game.php?id=852507"]
[Date "2010.10.30"]
[Round "-"]
[White "gerritgenial"]
[Black "Cosette"]
[Result "0-1"]
[WhiteElo "1071"]
[BlackElo "1488"]

1. d3 e5 2. e4 Nc6 3. Be3 Nf6 4. Nh3 d6 5. Bg5 Nd4 6. c3 Nc6 7. Na3 h6 8. Be3
Ng4 9. Bd2 Na5 10. b4 Nc6 11. b5 Ne7 12. c4 Ng6 13. f3 Nf6 14. Rb1 b6 15. Be2
Nh4 16. g3 Ng6 17. g4 h5 18. O-O hxg4 19. fxg4 Nh4 20. Qe1 Bxg4 21. Ng5 Bd7 22.
Be3 Ng4 23. Bd2 f6 24. Nh3 Ng6 25. Qf2 Nxf2 26. Kxf2 Bxh3 27. Rg1 Nh4 28. Kg3
Ng6 29. Bf1 Be6 30. Be2 f5 31. Bf3 f4+ 32. Kf2 Qh4+ 0-1

[Event "Challenge"]
[Site "http://www.queenalice.com/game.php?id=852759"]
[Date "2010.10.31"]
[Round "-"]
[White "SalsaKing"]
[Black "gerritgenial"]
[Result "1-0"]
[WhiteElo "1783"]
[BlackElo "1081"]

1. e4 e5 2. Nc3 f6 3. Bc4 Ne7 4. a3 d6 5. Nf3 Bd7 6. h3 Na6 7. Nd5 Nc6 8. b4 h5
9. Qe2 Nd4 10. Nxd4 exd4 11. Bxa6 bxa6 12. Qxa6 g5 13. b5 Qc8 14. Nxf6+ Kd8 15.
d3 Be7 16. Bxg5 1-0

[Event "Challenge"]
[Site "http://www.queenalice.com/game.php?id=853146"]
[Date "2010.11.1"]
[Round "-"]
[White "gerritgenial"]
[Black "FranzMeM"]
[Result "0-1"]
[WhiteElo "1112"]
[BlackElo "1521"]

1. d3 d5 2. c4 dxc4 3. dxc4 Qxd1+ 4. Kxd1 e5 5. e4 Nf6 6. Nd2 Bc5 7. b3 O-O 8.
f3 Bd4 9. Be2 Bxa1 10. Nh3 Bxh3 11. gxh3 Nc6 12. Rg1 Bd4 13. Rf1 Be3 14. h4 Bxd2
15. Bxd2 Rad8 16. f4 Nxe4 17. Bd3 Rxd3 18. Re1 Nxd2 19. Ke2 Nd4+ 20. Kf2 exf4
21. c5 h6 22. h5 N4f3 0-1

[Event "Let's Play Chess!"]
[Site "http://www.queenalice.com/game.php?id=856776"]
[Date "2010.11.10"]
[Round "-"]
[White "spawnwolfwolverine"]
[Black "gerritgenial"]
[Result "1-0"]
[WhiteElo "1680"]
[BlackElo "1075"]

1. d4 d5 2. e3 c6 3. g3 g5 4. Bg2 Nf6 5. Nf3 Bf5 6. O-O Bh6 7. b3 a6 8. a4 b5 9.
axb5 cxb5 10. c3 O-O 11. Ba3 Re8 12. Nbd2 Nbd7 13. h3 e5 14. Nxe5 Nxe5 15. dxe5
Rxe5 16. b4 Qc8 17. Rc1 Qd7 18. g4 Be6 19. f4 Rxe3 20. f5 Rf8 21. fxe6 Qxe6 22.
Nf3 Ne4 23. Nd4 1-0

[Event "Challenge"]
[Site "http://www.queenalice.com/game.php?id=864231"]
[Date "2010.11.27"]
[Round "-"]
[White "gerritgenial"]
[Black "FranzMeM"]
[Result "0-1"]
[WhiteElo "1077"]
[BlackElo "1541"]

1. e4 e6 2. d3 d5 3. f3 dxe4 4. fxe4 e5 5. Nf3 Nc6 6. Be3 Bg4 7. h3 Bxf3 8. gxf3
Be7 9. Nc3 Bb4 10. Qd2 Nf6 11. Rg1 g6 12. O-O-O Bxc3 13. bxc3 Qd6 14. Bg2 Qa3+
15. Kb1 O-O-O 16. c4 h6 17. Bf2 Nb4 18. Bc5 Qxa2+ 19. Kc1 Qa1# 0-1